Normal view
MARC view
- SUPERVISOR BRIG. DR. SHOAB AHMED KHAN DR. ALI HASSAN
Entry Personal Name
001 - CONTROL NUMBER
- control field: 72968
003 - CONTROL NUMBER IDENTIFIER
- control field: NUST
005 - DATE AND TIME OF LATEST TRANSACTION
- control field: 20210628204940.0
008 - FIXED-LENGTH DATA ELEMENTS
- fixed length control field: 210628|| aca||aabn | a|a d
040 ## - CATALOGING SOURCE
- Original cataloging agency: NUST
- Transcribing agency: NUST
100 ## - HEADING--PERSONAL NAME
- Personal name: SUPERVISOR BRIG. DR. SHOAB AHMED KHAN DR. ALI HASSAN
670 ## - SOURCE DATA FOUND
- Source citation: Work cat.: (NUST): NC AIMUN TARIQ NC ESHA SADIA NASIR NC UZAIR SHEHZAD PC ZEB UN NISA 72966, PR-SOF-1879-Automated Inventory and Manufacturing Execution System
